000 00447nam a22001457a 4500
999 _c13145
_d13145
008 190207b ||||| |||| 00| 0 eng d
020 _a9712705838
082 _21996
_aDFil 899.2104
_bQ3
100 _aQuezon, Manuel L., III
_936785
245 _aNever again 1/
_cManuel L. Quezon III
260 _aPasig City:
_bAnvil Publishing, Inc.,
_c©1996
300 _aviii, page 57-60;
650 _aPhilippine essays (English).
_936786
942 _2ddc
_cDFIL